00647 2200205 4500001002100000005001500021035002000036007000300056008004100059020002200100082001200122084001800134100001500152245009300167250002700260260005600287300005000343650001200393650003600405INLIS00000000000400220251107103455 a0010-1125000034ta251107 g 0 ind  a978-623-6415-80-1 a959.839 a959.839 ISM k0 aIsmit Mado1 aKaltara: Kalimantan Utara :bIde yang Lahir dari Mahasiswa Utara /cIsmit Mado (Penulis) aCetakan 02, Tahun 2022 aYogyakarta :bYayasan Sahabat Alam Rafflesia,c2021 axxii; 213 Halaman :bIlustrasi; teks ;c23 cm 4aSejarah 4aPolitik Sosial Kalimantan Utara